10 Worst European Passports - Statistics

General Stats
  • This quiz has been taken 132 times
  • The average score is 9 of 11
Answer Stats
Rank Country Score % Correct
9 Serbia 94
97%
1 Kosovo 39
95%
5/6 Montenegro 88
93%
2 Belarus 55
92%
3 Russia 73
92%
5/6 Bosnia and Herzegovina 88
91%
7 Moldova 89
91%
10/11 Ukraine 98
89%
8 North Macedonia 90
88%
4 Albania 87
86%
10/11 Vatican City 98
31%
No matching quizzes found
Score Distribution
Percent of People with Each Score
Percentile by Number Answered
Your Score History
You have not taken this quiz